| 000 | 01052cam a22003253a 4500 | ||
|---|---|---|---|
| 001 | 20052 | ||
| 003 | PGUSA | ||
| 005 | 20140828083426.0 | ||
| 008 | 061207s2006||||xxu|||||s|||||000 1 eng d | ||
| 040 |
_aPGUSA _beng |
||
| 042 | _adc | ||
| 050 | 4 | _aPZ | |
| 100 | 1 |
_aYechton, Barbara, _d1864-1939 |
|
| 245 | 1 | 0 |
_aWe Ten : _bOr, The Story of the Roses _h[electronic resource] / _cBarbara Yechton |
| 260 |
_bProject Gutenberg, _c2006 |
||
| 506 | _aPublic domain in the USA. | ||
| 516 | _aElectronic text | ||
| 653 | _aTwins -- Juvenile fiction | ||
| 653 | _aConduct of life -- Juvenile fiction | ||
| 653 | _aBrothers and sisters -- Juvenile fiction | ||
| 653 | _aChildren with disabilities -- Juvenile fiction | ||
| 653 | _aViolinists -- Juvenile fiction | ||
| 653 | _aMotherless families -- Juvenile fiction | ||
| 653 | _aAuthors -- Juvenile fiction | ||
| 653 | _aParent and child -- Juvenile fiction | ||
| 700 | 1 | _aBrown, Minna | |
| 830 | 0 |
_aProject Gutenberg _v20052 |
|
| 856 | 4 | 0 | _uhttp://www.gutenberg.org/ebooks/20052 |
| 942 | _cEB | ||
| 999 |
_c249307 _d249307 |
||